000 00717cam a22002293a 4500
001 22720
003 PGUSA
005 20140828083502.0
008 070922s2007||||xxu|||||s|||||000 1 eng d
040 _aPGUSA
_beng
042 _adc
050 4 _aPR
100 1 _aLe Queux, William,
_d1864-1927
245 1 4 _aThe Minister of Evil :
_bThe Secret History of Rasputin's Betrayal of Russia
_h[electronic resource] /
_cWilliam Le Queux
260 _bProject Gutenberg,
_c2007
506 _aPublic domain in the USA.
516 _aElectronic text
653 _aRasputin, Grigorii Efimovich, 1869-1916 -- Fiction
830 0 _aProject Gutenberg
_v22720
856 4 0 _uhttp://www.gutenberg.org/ebooks/22720
942 _cEB
999 _c251975
_d251975